000 01473nam a2200397 c 4500
001 52696
003 ES-MaCES
005 20250203133241.0
007 cr |||||||||||
008 230127s2023 sp rl o000 | spa d
017 _aM PE-2023
_bDL
040 _aES-MaCES
_bspa
_cES-MaCES
110 2 _92408
_aConsejo Económico y Social (España)
245 1 0 _aDictamen 3-2023 sobre el Anteproyecto de Ley Orgánica Integral contra la trata y la explotación de seres humanos
_b: Sesión ordinaria del Pleno de 22 de febrero de 2023
_cConsejo Económico y Social
250 _a1ª ed
260 _aMadrid
_bConsejo Económico y Social
_c2023
300 _a29 p.
_c21 cm
_e1 documento pdf (110 kb)
490 1 _aColección Dictámenes
_v3-2023
541 _cGratuito
650 4 _atráfico de mano de obra
_930751
650 4 _aprostitución
_927051
650 4 _atrabajo forzoso
_928329
650 4 _atrabajo clandestino
_929563
650 4 _atrabajo de menores
_926768
650 4 _ainmigración ilegal
_930619
650 4 _aderechos humanos
_927171
650 4 _aderechos económicos y sociales
_929875
650 4 _aEspaña
_926964
650 4 _arégimen jurídico
_929894
650 4 _adictamen
_930802
653 1 0 _aAsuntos Sociales
830 0 _932521
_aColección Dictámenes (Consejo Económico y Social (España))
_v3-2023
856 4 _uhttp://www.ces.es/documents/DIC/2023/03
_ytexto completo
902 _aLIB Libro
942 _2CES
_cBK
_h3.3.
999 _c52696
_d52696